00493nam a2200193 a 4500001001300000003000900013005001700022008004100039020001000080082001600090100002000106245002800126260003100154300000900185500003500194505002100229650002900250700002000279nice12345678IN_TiNIC20260116011413.0050524s1901 kana grp 000 0 ara  ac10000a181.07bYUZ aYuzdi, Abdullah aMajmua-E-Sharah Tahzeeb aKanpurbNizami Pressc1901 a157p aincludes index and biblioraphy2 avol.1 and 4 only aPhilosophy-Islamic-Logic1 aYuzdi, Abdullah